| 000 | 00480nam a2200193Ia 4500 | ||
|---|---|---|---|
| 003 | OSt | ||
| 005 | 20220609102826.0 | ||
| 008 | 210210b1980 xxu||||| |||| 00| 0 eng d | ||
| 040 | _cAL | ||
| 041 | _aeng | ||
| 082 | _a657.42 IYEC | ||
| 100 |
_aIYENGAR (S P). _941350 |
||
| 245 | _aCost accounting: principles and practice | ||
| 260 |
_aNew Delhi. _bSultan Chand & Sons _c1980 |
||
| 300 | _axxii,1002 | ||
| 690 |
_aCost Accounting _941351 |
||
| 906 | _a035014 | ||
| 942 |
_2ddc _cBK |
||
| 999 |
_c85502 _d85502 |
||